Statistics for Name the Capital by the Biggest City in the Country

Click here to take the quiz!

General Stats

  • This quiz has been taken 43 times
  • The average score is 20 of 31

Answer Stats

Biggest City Capital % Correct
JohannesburgPretoria, Capetown, Bloemfontein
98%
SydneyCanberra
98%
TorontoOttawa
98%
IstanbulAnkara
95%
ZurichBern
95%
New YorkWashington DC
95%
AucklandWellington
95%
MumbaiNew Delhi
95%
ShanghaiBeijing
95%
Ho Chi Minh CityHanoi
91%
CasablancaRabat
88%
DubaiAbu Dhabi
88%
KarachiIslamabad
86%
LagosAbuja
79%
ColomboSri Jayawardenepura Kotte
67%
Belize CityBelmopan
67%
AlmatyAstana
65%
Dar es SalaamDodoma
65%
GuayaquilQuito
60%
YangonNaypyidaw
49%
AbidjanYamoussoukro
44%
Santa CruzSucre, La Paz
37%
SchaanVaduz
35%
DoualaYaounde
33%
Al AhmadiKuwait City
30%
KororNgerulmud
28%
OmdurmanKhartoum
23%
BataMalabo
21%
SerekundaBanjul
21%
BirkirkaraValletta
16%
ChaguanasPort of Spain
16%

Score Distribution

Percentile by Number Answered

Percent of People with Each Score

Your Score History

You have not taken this quiz